<?xml version="1.0" encoding="UTF-8"?>
<marc:record xmlns:marc="http://www.loc.gov/MARC21/slim">
   <marc:leader>00000nam a2200000 a 4500</marc:leader>
   <marc:datafield ind1="1" ind2=" " tag="100">
      <marc:subfield code="a">Petrus &lt;Blesensis&gt;</marc:subfield>
      <marc:subfield code="4">aut</marc:subfield>
      <marc:subfield code="e">Verfasser/-in</marc:subfield>
   </marc:datafield>
   <marc:datafield ind1="1" ind2=" " tag="100">
      <marc:subfield code="a">Busaeus, Johannes</marc:subfield>
   </marc:datafield>
   <marc:datafield ind1="0" ind2="0" tag="245">
      <marc:subfield code="a">Opera Petri Blesensis, Bathoniensis Quondam In Anglia Archidiaconi ...</marc:subfield>
   </marc:datafield>
   <marc:datafield ind1="0" ind2="0" tag="245">
      <marc:subfield code="c">Ope Et Studio Ioannis Busaei Noviomagi, Societatis Jesu Theologi</marc:subfield>
   </marc:datafield>
   <marc:datafield ind1=" " ind2="1" tag="264">
      <marc:subfield code="a">Moguntiae</marc:subfield>
      <marc:subfield code="b">Albin</marc:subfield>
      <marc:subfield code="c">1600</marc:subfield>
   </marc:datafield>
   <marc:datafield ind1=" " ind2=" " tag="250">
      <marc:subfield code="a">Ex Pervetustis Bibliothecis nunc primum in lucem producta, ac innumeris mendis collatione aliquot codicum M. SS. emaculata, variisq[ue] lectionibus, notis, praefationibus &amp; indicibus illustrata</marc:subfield>
   </marc:datafield>
   <marc:datafield ind1="1" ind2=" " tag="520">
      <marc:subfield code="a">Besitzvermerk: Collegii Societatis Jesu Oeniponti i Aug. 1603</marc:subfield>
   </marc:datafield>
   <marc:datafield ind1=" " ind2=" " tag="500">
      <marc:subfield code="a">Bibliogr. Nachweis: VD16-P1820</marc:subfield>
   </marc:datafield>
   <marc:datafield ind1=" " ind2=" " tag="300">
      <marc:subfield code="a">[20] Bl., 607 S., [36] Bl.; 25,5 cm</marc:subfield>
   </marc:datafield>
</marc:record>
